00585nas a22001817a 4500008004100000245004300041260007600084300000900160440002600169546001400195590003300209590003500242650002000277650002800297856005100325942001200376999001500388130426t20059999ag ||||| |||| 00| 0 spa d aColeccion Acontecimientos Terapeuticos aBuenos Aires,bSociedad Iberoamericana de Informacion Cientifica:c2005 av. : aOncohematologia92065 aespañol aIndizada en: SIIC Data Bases aExistencias: 2005 (1 ejemplar) aONCOLOGIA91950 aACIDO ZOLEDRONICO92066 uhttp://www.siicsalud.com/lmr/siicdatabases.php 2ddccCR c1344d1344